000 00334nam a2200133Ia 4500
100 _aMurdick/ R.G/ Ross/ J.E.
942 _cBK
654 _aModern Management
245 _aInformation systems for modern management
260 _bPrentice Hall of India
_aNew Delhi
_c1983
082 _a658.40388
300 _a671
546 _aENGLISH
999 _c23292
_d23292